000
00213 a2200097 4500
001
34981
100
_a
Rackhaw
245
_a
jane's C 3, 1990-91
260
_a
UK
_b
Jane Information Group
_c
090
_c
23133
_d
23133
942
_a
NUST-CAE
_c
M
_c
14596
999
_c
270054
_d
270054